000 003320000a22001090004500
090 _aAS
_bSeriadas
245 1 0 _aTemprana historia de la Quina
041 0 _aEspañol
100 1 _aFosberg, F. R.
_999778
942 _cARTICULO
773 1 _tRevista de la Academia Colombiana de Ciencias Exactas, Físicas y Naturales
_h30
_q273-274
_d1951
_g8
999 _c15499
_d15499